000 00406nam a22001217a 4500
999 _c10202
_d10202
003 OSt
008 201218b ||||| |||| 00| 0 eng d
245 _aIEEMA Journal
250 _a2011(Sep Vol.3 No.1, Oct Vol.3 No.2, Nov Vol.3 No.3, Dec Vol.3 No.4)
260 _aMumbai
_bIndian Electrical and Electronics Manufacturers Association
650 _aElectronics and Communication Engineering
942 _2ddc
_cBV